ბათუმის შოთა რუსთაველის სახელმწიფო უნივერსიტეტის ბიბლიოთეკა

ილია ჭავჭავაძე და ქართული ხალხური სიმღერა / (ბიბ.ჩანაწერი № 38298)

000 -ლიდერი
ფიქსირებული სიგრძის საკონტროლო ველი 01316nam a2200253Ia 4500
001 - საკონტროლო ნომერი
საკონტროლო ველი 4308
003 - საკონტროლო ნომრის იდენტიფიკატორი
საკონტროლო ველი GE_BSU
005 - ბოლო ოპერაციის თარიღი და დრო
საკონტროლო ველი 20191004172626.0
008 - ფიქსირებული სიგრძის მონაცემთა ელემენტები - ზოგადი ინფორმაცია
ფიქსირებული სიგრძის საკონტროლო ველი 181216s2007||||ge |||||||||||||| ||geo||
020 ## - წიგნის საერთაშორისო სტანდარტული ნომერი
International Standard Book Number 9994025228
040 ## - კატალოგიზაციის წყარო
Transcribing agency GE_BSU
041 ## - ენის კოდი
Language code of text/sound track or separate title geo
080 ## - უნივერსალური ათობითი კლასიფიკაციის ინდექსი
Universal Decimal Classification number 398(479.22) შ–76
100 ## - მთავარი ჩანაწერი - პიროვნების სახელი
Personal name შიოშვილი, თინა
9 (RLIN) 1855
245 ## - ცნობა სათაურის შესახებ
Title ილია ჭავჭავაძე და ქართული ხალხური სიმღერა /
Statement of responsibility, etc თინა შიოშვილი; რედ. როინ მალაყმაძე.
264 ## - წარმოების, გამოცემის, დისტრიბუციის და სხვა ცნობები
გამოცემის, წარმოების, დისტრიბუციის... ადგილი ბათუმი :
გამოცემის, წარმოების, დისტრიბუციის... სახელწოდება შოთა რუსთაველის სახელმწ. უნ-ტის გამ-ბა,
გამოცემის, წარმოების, დისტრიბუციის... თარიღი 2007.
300 ## - ფიზიკური აღწერა
Extent 47 გვ. ;
Other physical details 19 სმ.
504 ## - BIBLIOGRAPHY, ETC. NOTE
Bibliography, etc ბიბლიოგრ. ტექსტ. შენიშვნ.
600 ## - SUBJECT ADDED ENTRY--PERSONAL NAME
Personal name ჭავჭავაძე ილია
9 (RLIN) 1252
653 ## - INDEX TERM--UNCONTROLLED
Uncontrolled term ქართული ხალხური სიმღერები; ჭავჭავაძე, ილია
700 ## - ADDED ENTRY--PERSONAL NAME
Personal name მალაყმაძე, როინ
Relator term რედაქტორი
9 (RLIN) 4544
710 ## - ADDED ENTRY--CORPORATE NAME
Corporate name or jurisdiction name as entry element საქ. განათლ. და მეცნ. სამინ., ნიკო ბერძენიშვილის ინ-ტი.
9 (RLIN) 4545
942 ## - ADDED ENTRY ELEMENTS (KOHA)
Koha item type წიგნი
Source of classification or shelving scheme
ეგზემპლარები
ჩამოწერის სტატუსი დაკარგული ეგზემპლარის სტატუსი კლასიფიკაციის წყარო ან თაროზე გაწყობის სქემა დაზიანების სტატუსი არ გაიცემა მუდმივი მდებარეობა (დაცვის ადგილი) ამჟამინდელი ადგილსამყოფელი თაროზე განთავსების ადგილი შეძენის თარიღი ღირებულება, შესყიდვის ნორმალური ფასი სრული შენახვის შიფრი შტრიხკოდი ბოლო ოპერაციის თარიღი ეგზემპლარის მიმდევრობითი ნომერი (კეტერი?) ფასის ძალაში შესვლის თარიღი ეგზემპლარის სახეობა საჯარო შენიშვნა
          ბათუმის შოთა რუსთაველის სახელმწიფო უნივერსიტეტის მთავარი ბიბლიოთეკა ბათუმის შოთა რუსთაველის სახელმწიფო უნივერსიტეტის მთავარი ბიბლიოთეკა წიგნსაცავი 2018-12-17 2.00 398(479.22) შ–76 5893 2018-12-17 5893 2018-12-17 წიგნი 2 ლ.